书目信息 |
| 题名: |
对话意识
|
|
| 作者: | 布莱克摩尔 著 ;李恒威 , 徐怡 译 | |
| 分册: | ||
| 出版信息: | 杭州 浙江大学出版社 2016 |
|
| 页数: | 272页 | |
| 开本: | 24cm | |
| 丛书名: | 神经科学与社会丛书 | |
| 单 册: | ||
| 中图分类: | B842.7 | |
| 科图分类: | ||
| 主题词: | 意识--yi shi--研究 | |
| 电子资源: | ||
| ISBN: | 978-7-308-15780-3 | |
| 000 | 01773nam0 22003251 450 | |
| 001 | 0102164929 | |
| 005 | 20170502164929.0 | |
| 010 | @a978-7-308-15780-3@b精装@dCNY48.00 | |
| 100 | @a20161025d2016 em y0chiy50 ea | |
| 101 | 1 | @achi@ceng |
| 102 | @aCN@b330000 | |
| 105 | @aa z 001yy | |
| 106 | @ar | |
| 200 | 1 | @a对话意识@9dui hua yi shi@dConversations on consciousness@e学界翘楚对脑、自由意志以及人性的思考@ewhat the best minds think about the brain, free will, and what it means to be human@f(英)苏珊·布莱克摩尔(Susan Blackmore)著@g李恒威,徐怡译@zeng |
| 210 | @a杭州@c浙江大学出版社@d2016 | |
| 215 | @a272页@c图@d24cm | |
| 225 | 2 | @a神经科学与社会丛书@9shen jing ke xue yu she hui cong shu@f唐孝威,罗卫东主编 |
| 300 | @a浙江大学文科高水平学术著作出版基金、中央高校基本科研业务费专项基金资助 | |
| 312 | @a封面英文题名:Conversations on consciousness: what the best minds think about the brain, free will, and what it means to be human | |
| 330 | @a本书记录了苏姗·布莱克摩尔与20多位世界一流的哲学家和神经系统科学家之间的对话,展现了对话者究竟如何思考心智、脑和意识,显示出这些有影响力的思想家与众不同的个性和风格,并且揭示出他们的学说和信念中大量极为迷人的细节。 | |
| 461 | 0 | @12001 @a神经科学与社会丛书 |
| 510 | 1 | @aConversations on consciousness@ewhat the best minds think about the brain, free will, and what it means to be human@zeng |
| 517 | 1 | @a学界翘楚对脑、自由意志以及人性的思考@9xue jie qiao chu dui nao zi you yi zhi yi ji ren xing de si kao |
| 606 | 0 | @a意识@9yi shi@x研究 |
| 690 | @aB842.7@v5 | |
| 701 | 0 | @c(英)@a布莱克摩尔@9bu lai ke ma er@c(女,Blackmore, Susan)@4著 |
| 702 | 0 | @a李恒威@9li heng wei@f(1971.11~)@4译 |
| 702 | 0 | @a徐怡@9xu yi@4译 |
| 801 | 0 | @aCN@b百万庄@c20170308 |
| 905 | @b1003120-5@dB842.7@e1653@f6 | |
| 对话意识=Conversations on consciousness:学界翘楚对脑、自由意志以及人性的思考:what the best minds think about the brain, free will, and what it means to be human/(英)苏珊·布莱克摩尔(Susan Blackmore)著/李恒威,徐怡译.-杭州:浙江大学出版社,2016 |
| 272页:图;24cm.-(神经科学与社会丛书/唐孝威,罗卫东主编) |
| 浙江大学文科高水平学术著作出版基金、中央高校基本科研业务费专项基金资助 |
| ISBN 978-7-308-15780-3(精装):CNY48.00 |
| 本书记录了苏姗·布莱克摩尔与20多位世界一流的哲学家和神经系统科学家之间的对话,展现了对话者究竟如何思考心智、脑和意识,显示出这些有影响力的思想家与众不同的个性和风格,并且揭示出他们的学说和信念中大量极为迷人的细节。 |
| ● |
| 相关链接 |
|
|
|
|
正题名:对话意识
索取号:B842.7/1653
 
预约/预借
| 序号 | 登录号 | 条形码 | 馆藏地/架位号 | 状态 | 备注 |
| 1 | 1003120 | 210031204 | 第一样本阅览室/ [索取号:B842.7/1653] | 在馆 | |
| 2 | 1003121 | 210031213 | 教育系资料室/ [索取号:B842.7/1653] | 在馆 | |
| 3 | 1003122 | 210031222 | 教育系资料室/ [索取号:B842.7/1653] | 在馆 | |
| 4 | 1003123 | 210031231 | 教育系资料室/ [索取号:B842.7/1653] | 在馆 | |
| 5 | 1003124 | 210031240 | 第一借阅区/ [索取号:B842.7/1653] | 在馆 | |
| 6 | 1003125 | 210031259 | 第一借阅区/ [索取号:B842.7/1653] | 在馆 |